00303nam a22000977a 4500082001200000245001500012260003600027300000900063500010500072700002800177 a540 CHE aChemistry/ bThe Science Coordination Group  a90p; aFoundation Level for the New syllabuses from 1998 onwards Revision Guide for G.C.S.E Double Science aEdited; Richard parsons